[Event "American Continental 18th"]
[Site "Medellin"]
[Date "2024.05.25"]
[Round "3"]
[White "Jimenez Jimenez, Leandro"]
[Black "Sanchez Martinez, Andres Felipe"]
[Result "0-1"]
[WhiteElo "2189"]
[BlackElo "1886"]
[PlyCount "91"]
[EventDate "2024.05.24"]
[EventType "swiss"]
[EventRounds "11"]
[EventCountry "COL"]
[SourceTitle "CBM 220 Extra"]
[Source "ChessBase"]
[SourceDate "2024.07.31"]
[SourceVersion "1"]
[SourceVersionDate "2024.07.31"]
[SourceQuality "1"]

1. d4 d5 2. c4 e6 3. Nf3 Nf6 4. g3 Bb4+ 5. Bd2 a5 6. Qc2 0-0 7. Bg2 c6 8. 0-0 Nbd7 9. Bf4 Be7 10. b3 b6 11. Nc3 Ba6 12. Nd2 Rc8 13. e4 c5 14. exd5 exd5 15. Nxd5 Nxd5 16. Bxd5 cxd4 17. Ne4 Nf6 18. Nxf6+ Bxf6 19. Qf5 Rc5 20. Bc1 Bb7 21. Ba3 Bxd5 22. cxd5 Rxd5 23. Qd3 Re8 24. Rac1 Qd7 25. Rfe1 Rxe1+ 26. Rxe1 h5 27. h4 b5 28. Bb2 Qf5 29. Qxf5 Rxf5 30. Re4 Rd5 31. Kf1 d3 32. Bc1 d2 33. Bxd2 Rxd2 34. Re8+ Kh7 35. Rb8 b4 36. Rb5 Rxa2 37. Rxh5+ Kg6 38. Rb5 Ra3 39. h5+ Kh7 40. Ke2 a4 41. bxa4 b3 42. a5 b2 43. Kd2 Rxa5 44. Rb7 Ra1 45. Kc2 Rc1+ 46. Kd3 0-1

[Event "Titled Tuesday intern op 30th Apr Early"]
[Site "Chess.com INT"]
[Date "2024.04.30"]
[Round "4"]
[White "Antunes, Luciano Justi"]
[Black "Jimenez Jimenez, Leandro"]
[Result "1-0"]
[WhiteElo "2045"]
[BlackElo "2098"]
[PlyCount "65"]
[EventDate "2024.04.30"]
[EventType "swiss (blitz)"]
[EventRounds "11"]
[EventCountry "USA"]
[SourceTitle "CBM 220 Extra"]
[Source "ChessBase"]
[SourceDate "2024.07.31"]
[SourceVersion "1"]
[SourceVersionDate "2024.07.31"]
[SourceQuality "1"]

1. e4 e5 2. Nf3 Nc6 3. d4 exd4 4. Nxd4 Qh4 5. Nc3 Bb4 6. Ndb5 Ba5 7. Be2 a6 8. Na3 b5 9. Nab1 Nf6 10. 0-0 d6 11. g3 Qh3 12. Bf3 Ng4 13. Bxg4 Bxg4 14. f3 Bb6+ 15. Kh1 h5 16. Nd5 h4 17. Nf4 hxg3 18. Nxh3 Rxh3 19. Kg2 gxh2 20. fxg4 Bg1 21. Rxg1 hxg1Q+ 22. Qxg1 Rh4 23. Kg3 Rh7 24. Nc3 0-0-0 25. Bf4 Rdh8 26. Qg2 Nd4 27. Nd5 f6 28. Ne7+ Kd7 29. Ng6 Rh3+ 30. Qxh3 Ne2+ 31. Kh2 Rxh3+ 32. Kxh3 Nxf4+ 33. Nxf4 1-0

[Event "Titled Tuesday intern op 30th Apr Early"]
[Site "Chess.com INT"]
[Date "2024.04.30"]
[Round "3"]
[White "Gandhi, Shyam"]
[Black "Jimenez Jimenez, Leandro"]
[Result "1-0"]
[WhiteElo "1908"]
[BlackElo "2098"]
[PlyCount "61"]
[EventDate "2024.04.30"]
[EventType "swiss (blitz)"]
[EventRounds "11"]
[EventCountry "USA"]
[SourceTitle "CBM 220 Extra"]
[Source "ChessBase"]
[SourceDate "2024.07.31"]
[SourceVersion "1"]
[SourceVersionDate "2024.07.31"]
[SourceQuality "1"]

1. d4 c5 2. d5 e6 3. e4 Nf6 4. Nc3 Bd6 5. Nb5 Be5 6. f4 Nxe4 7. fxe5 Qh4+ 8. g3 Nxg3 9. hxg3 Qxg3+ 10. Ke2 Qxe5+ 11. Be3 0-0 12. Nf3 Qxb2 13. Nc7 exd5 14. Nxa8 d4 15. Nxd4 Re8 16. Nc7 Rxe3+ 17. Kxe3 Qc3+ 18. Kf2 cxd4 19. Nd5 Qc5 20. Qd3 h6 21. Re1 Kf8 22. Bg2 d6 23. Rhf1 Be6 24. Nf4 Bf5 25. Qe2 d3+ 26. Qe3 Qxe3+ 27. Kxe3 dxc2 28. Nd3 Nd7 29. Rxf5 Nf6 30. Rxf6 gxf6 31. Rc1 1-0